Genetic resources:Technical and socio economic approaches (Record no. 40588)

MARC details
000 -LEADER
fixed length control field 00354nam a2200121Ia 4500
082 ## - DEWEY DECIMAL CLASSIFICATION NUMBER
Classification number 575:631.523
Item number QUE
100 ## - MAIN ENTRY--AUTHOR NAME
Personal name Querol, Daniel
245 #0 - TITLE STATEMENT
Title Genetic resources:Technical and socio economic approaches
260 ## - PUBLICATION, DISTRIBUTION, ETC. (IMPRINT)
Place of publication Malaysia
Name of publisher Third World Network
Year of publication 1992
650 ## - SUBJECT ADDED ENTRY--TOPICAL TERM
Topical Term Genetic conservation
942 ## - ADDED ENTRY ELEMENTS (KOHA)
Koha item type Books
Holdings
Withdrawn status Lost status Damaged status Not for loan Home library Current library Date acquired Cost, normal purchase price Full call number Accession Number Koha item type
        RRII Library RRII Library 16/12/2021 125.00 575:631.523 QUE 20886 Books